MARC

LEADER 00000nam0a2200000 4500
001 170184
005 20231031163643.0
035 |a (RuTPU)RU\TPU\book\184566 
090 |a 170184 
100 |a 20091120d1973 k y0rusy50 ca 
101 0 |a rus 
102 |a UA 
105 |a a z 001zy 
200 1 |a Физико-химическое обоснование процессов обесцвечивания и дезодорации воды  |f М. А. Шевченко  |g Академия наук Украинской ССР (АН УССР), Институт коллоидной химии и химии воды им. А. В. Думанского 
210 |a Киев  |c Наукова думка  |d 1973 
215 |a 150 с.  |c ил. 
320 |a Библиогр.: с. 131-148. 
610 1 |a питьевая вода 
610 1 |a очистка 
610 1 |a физико-химические основы 
610 1 |a органические вещества 
610 1 |a содержание 
610 1 |a источники 
610 1 |a адсорбция 
610 1 |a хлор 
610 1 |a озон 
610 1 |a содержание 
675 |a 628.16  |v 3 
700 1 |a Шевченко  |b М. А.  |g Марина Александровна 
712 0 2 |a Академия наук Украинской ССР (АН УССР)  |b Институт коллоидной химии и химии воды им. А. В. Думанского  |2 stltpush  |3 (RuTPU)RU\TPU\col\11823 
801 1 |a RU  |b 63413507  |c 20091120 
801 2 |a RU  |b 63413507  |c 20100705  |g RCR 
942 |c BK